UEFA Champions League: 30+ Goal Contributions (2000-) - Statistics

General Stats
  • This quiz has been taken 19 times
  • The average score is 62 of 65
Answer Stats
Ranking Player Positions Nationality Matches Goals (assists) Periods Clubs % Correct
56 Alexis Sánchez MF, FW 77 17 (16) 2011-2024
100%
36 Álvaro Morata FW 89 29 (10) 2012-2025
100%
32 Andrés Iniesta MF 130 11 (30) 2002-2003, 2004-2018
100%
25 Arjen Robben MF, FW 110 31 (16) 2002-2019
100%
28 Cesc Fàbregas MF, FW 104 20 (23) 2004-2015, 2017-2018
100%
1 Cristiano Ronaldo MF, FW 183 140 (45) 2003-2022
100%
15 Didier Drogba FW 93 44 (13) 2003-2015
100%
33 Edin Džeko FW 75 29 (12) 2009-2010, 2011-2015, 2017-2018, 2021-2023
100%
31 Edinson Cavani MF, FW 70 35 (7) 2011-2012, 2013-2022
100%
17 Erling Haaland FW 48 49 (5) 2019-2025
100%
47 Franck Ribéry MF, FW 87 18 (17) 2008-2019
100%
43 Gareth Bale MF, FW 66 20 (16) 2010-2011, 2013-2019, 2021-2022
100%
49 Gonzalo Higuaín MF, FW 83 24 (11) 2006-2013, 2016-2017, 2019-2020
100%
20 Harry Kane FW 57 40 (11) 2016-2019, 2022-2025
100%
18 Kaká MF, FW 85 30 (22) 2003-2007, 2009-2014
100%
4 Karim Benzema FW 152 90 (28) 2005-2023
100%
29 Kevin De Bruyne MF, FW 79 16 (26) 2011-2012, 2013-2014, 2015-2025
100%
6 Kylian Mbappé MF, FW 87 55 (24) 2016-2025
100%
2 Lionel Messi MF, FW 163 129 (41) 2004-2023
100%
37 Luís Figo MF, FW 76 17 (21) 2000-2009
100%
21 Luis Suárez FW 73 27 (23) 2010-2011, 2014-2022
100%
41 Marco Reus MF, FW 72 24 (13) 2012-2014, 2016-2017, 2018-2024
100%
12 Mohamed Salah MF, FW 88 47 (17) 2013-2015, 2017-2022, 2024-2025
100%
7 Neymar MF, FW 81 43 (33) 2013-2023
100%
60 Phil Foden MF, FW 61 18 (14) 2017-2025
100%
23 Raheem Sterling MF, FW 88 27 (20) 2014-2022, 2024-2025
100%
9 Raúl FW 97 50 (19) 2000-2011
100%
44 Riyad Mahrez MF, FW 55 20 (16) 2016-2017, 2018-2023
100%
3 Robert Lewandowski FW 133 105 (21) 2011-2025
100%
48 Roberto Firmino MF, FW 56 22 (13) 2017-2023
100%
10 Ruud van Nistelrooy FW 63 48 (17) 2001-2010
100%
16 Ryan Giggs MF, FW 109 18 (37) 2000-2014
100%
50 Sadio Mané MF, FW 64 27 (8) 2017-2023
100%
26 Samuel Eto'o FW 75 30 (16) 2001-2002, 2004-2010, 2013-2014
100%
5 Thomas Müller MF, FW 163 57 (28) 2008-2025
100%
24 Wayne Rooney MF, FW 85 30 (17) 2004-2013, 2015-2016
100%
34 Xavi MF 135 10 (30) 2000-2002, 2004-2015
100%
8 Zlatan Ibrahimović FW 124 48 (25) 2002-2015, 2017-2018, 2021-2022
100%
52 Alessandro Del Piero MF, FW 58 21 (13) 2000-2005, 2008-2010
94%
30 Andriy Shevchenko FW 73 32 (10) 2000-2001, 2002-2007, 2009-2010
94%
11 Ángel Di María MF, FW 116 24 (40) 2007-2008, 2010-2013, 2015-2025
94%
14 Antoine Griezmann MF, FW 105 42 (15) 2013-2025
94%
27 Frank Lampard MF 105 23 (22) 2003-2015
94%
61 Gabriel Jesus FW 51 24 (8) 2017-2021, 2023-2025
94%
35 Leroy Sané MF, FW 73 23 (16) 2014-2015, 2016-2018, 2020-2025
94%
57 Marcelo DF, MF 102 9 (23) 2007-2022
94%
55 Mesut Özil MF, FW 69 11 (22) 2007-2008, 2010-2017
94%
53 Olivier Giroud FW 64 24 (10) 2012-2017, 2019-2024
94%
62 Robin van Persie FW 59 25 (7) 2002-2003, 2004-2014
94%
42 Rodrygo MF, FW 64 25 (12) 2019-2025
94%
22 Sergio Agüero FW 79 41 (9) 2008-2009, 2011-2022
94%
45 Steven Gerrard MF 71 21 (15) 2001-2002, 2004-2009, 2014-2015
94%
13 Thierry Henry FW 95 42 (20) 2000-2009, 2011-2012
94%
54 Toni Kroos MF 151 11 (22) 2008-2009, 2010-2024
94%
51 Joshua Kimmich DF, MF 96 12 (22) 2015-2025
88%
59 Kingsley Coman MF, FW 71 17 (15) 2014-2025
88%
39 Ousmane Dembélé MF, FW 66 20 (18) 2016-2025
88%
19 Vinicius Júnior MF, FW 68 29 (22) 2018-2025
88%
58 Wesley Sneijder MF 74 12 (20) 2002-2005, 2007-2016
88%
46 Dani Alves DF, MF 111 12 (23) 2007-2019
82%
64 David Trezeguet FW 49 25 (5) 2000-2005, 2008-2010
82%
40 Filippo Inzaghi FW 61 34 (4) 2000-2001, 2002-2007, 2009-2011
82%
65 Mario Gómez FW 44 26 (4) 2003-2004, 2007-2008, 2009-2013
82%
63 Roy Makaay FW 61 28 (4) 2000-2007
82%
38 Juninho Pernambucano MF 59 17 (21) 2001-2009
65%
No matching quizzes found
Score Distribution
Percent of People with Each Score
Percentile by Number Answered
Your Score History
You have not taken this quiz